Alexandria in late antiquity : topography and social conflict
Saved in:
| Main Author: | |
|---|---|
| Format: | Book |
| Language: | English |
| Published: |
Baltimore; London :
The Johns Hopkins University Press,
[1997]
|
| Series: | Ancient society and history
|
| Subjects: | |
| Tags: |
Add Tag
No Tags, Be the first to tag this record!
|
MARC
| LEADER | 00000nam a2200000 i 4500 | ||
|---|---|---|---|
| 001 | 1/67955 | ||
| 008 | 071216s1997 eng d | ||
| 020 | |a 0-8018-5377-X (hbk.) | ||
| 035 | |l 10093144 | ||
| 040 | |a GR-MY-UA |b gre |e aacr | ||
| 041 | 0 | |a eng | |
| 082 | 0 | |a 932 |2 (22) | |
| 100 | 1 | |a Haas, Christopher. | |
| 245 | 1 | 0 | |a Alexandria in late antiquity : |b topography and social conflict / |c Christopher Haas |
| 260 | |a Baltimore; London : |b The Johns Hopkins University Press, |c [1997] | ||
| 300 | |a xviii, 494 σ.; |b χάρτες, φωτ.; |c 22 εκ. | ||
| 490 | 1 | |a Ancient society and history | |
| 504 | |a Περιλαμβάνει βιβλιογραφίες και ευρτήριο | ||
| 651 | 0 | |a Alexandria (Egypt) |x Civilization. | |
| 651 | 0 | |a Alexandria (Egypt) |x Social conditions. | |
| 651 | 0 | |a Alexandria (Egypt) |x Ethnic relations. | |
| 651 | 0 | |a Alexandria (Egypt) |x Religion. | |
| 830 | 0 | |a Ancient society and history | |
| 852 | |a INST |b RHODES |e 20071216 |h 932 HAA |p 005400025001 |q 005400025001 |t BK |y 0 | ||
| 901 | |a BIBL4-2007-3 | ||
| 909 | |a Ρ |b 141965 | ||
| 922 | |a 4ΕΛΗ |b 200711 |c ΕΠΕΑΕΚ2/ΤΜΣ |d ΠΑΠΑΣΩΤΗΡΙΟΥ | ||
| 970 | |a ΧΑΡΙΟΠΟΛΙΤΟΥ |b ΚΩΝΣΤΑΝΤΙΝΑ |z 2007/12/16 | ||